Obsah sčítacích tlačív po zapracovaní národných a medzinárodných požiadaviek
Sčítanie obyvateľov, domov a bytov sa podľa nariadenia Európskeho parlamentu a Rady vykoná v roku 2011 po prvý raz v histórii vo všetkých členských štátoch EÚ pri využití rovnakých, resp. porovnateľných definícií zisťovaných údajov. Obsah sčítacích tlačív rešpektuje povinné a odporúčané témy.
Gespeichert in:
| 1. Verfasser: | |
|---|---|
| Format: | Buchkapitel |
| Sprache: | Slowakisch |
| Schlagworte: | |
| Tags: |
Keine Tags, Fügen Sie das erste Tag hinzu!
|
MARC
| LEADER | 00000naa a2200000 4500 | ||
|---|---|---|---|
| 001 | 0129046 | ||
| 005 | 20231107114027.9 | ||
| 041 | 0 | |a slo | |
| 044 | |a SK | ||
| 245 | 1 | 0 | |a Obsah sčítacích tlačív po zapracovaní národných a medzinárodných požiadaviek |c Ivana Juhaščíková |
| 520 | |a Sčítanie obyvateľov, domov a bytov sa podľa nariadenia Európskeho parlamentu a Rady vykoná v roku 2011 po prvý raz v histórii vo všetkých členských štátoch EÚ pri využití rovnakých, resp. porovnateľných definícií zisťovaných údajov. Obsah sčítacích tlačív rešpektuje povinné a odporúčané témy. | ||
| 610 | 2 | 0 | |a sčítanie ľudu |
| 610 | 2 | 0 | |a Slovensko |
| 610 | 2 | 0 | |a Európska únia |
| 100 | 1 | |a Juhaščíková, Ivana | |